00818cam a2200241Ii 4500001001000000003000400010005001700014008004100031020003000072024001500102040002900117050001600146100003200162245010200194260003700296300004500333336002600378337002600404338003600430504005000466650003400516700002600550796355151OSt20250523153344.0120622s2012 enk ob 001 0 eng  z9781119994336 (hardcover) cUSD 140.00 aDLCbengerdacDLCdNUST10aTA656.6 FAR1 aFarrar, Charles. R.eAuthor10aStructural health monitoring :ba machine learning perspective /cCharles R. Farrar, Keith Worden aUnited Kingdom ;bWiley,c©2013 axxii,631 pages :bIllustrations;c25 cm. atextbtxt2rdacontent acomputerbc2rdamedia aonline resourcebcr2rdacarrier aIncludes bibliographical references and index 0xStructural health monitoring.1 aWorden, KeitheAuthor